Dior - Pop Smoke (All Lyrics) - Statistics

General Stats
  • This quiz has been taken 37 times
  • The average score is 253 of 476
Answer Stats
Answer % Correct
a
96%
Dior,
93%
I
93%
the
89%
like
81%
She
81%
she
81%
(she
81%
rrr
78%
Christian
74%
all
70%
All
70%
I'm
70%
Jean,
70%
nigga
70%
nigga)
70%
on
70%
way
70%
he
67%
it,
67%
it
67%
is
63%
pours,
63%
rains,
63%
When
63%
when
63%
woo
63%
(woo),
63%
(woo)
63%
Billie
59%
stores
59%
With
59%
with
59%
Bitch,
56%
for
56%
in
56%
Mike
56%
niggas
56%
up
56%
dance,
52%
dick,
52%
fuck
52%
me,
52%
me
52%
move
52%
one
52%
to
52%
we
52%
Amiri,
48%
comments
48%
gay
48%
my
48%
that
48%
that,
48%
And
44%
and
44%
back
44%
club,
44%
name
44%
rock,
44%
screamin'
44%
throw
44%
uh
44%
(uh)
44%
(uh-huh),
44%
get
41%
Pop
41%
'cause
37%
clap
37%
'em
37%
know
37%
Smoke,
37%
suckin'
37%
them
37%
thot,
37%
Wait, wait, wait, wait,
37%
you
37%
(You
37%
30
33%
another
33%
face
33%
free
33%
Free
33%
got
33%
let
33%
lit,
33%
locked,
33%
page
33%
Shake
33%
shake
33%
they
33%
bail
30%
heaven
30%
hell
30%
his
30%
island,
30%
mine
30%
never
30%
packin'
30%
pistol
30%
roll
30%
Said
30%
send
30%
time
30%
time,
30%
walk
30%
automatics,
26%
(aw,
26%
Brody
26%
can't
26%
gon'
26%
huh,
26%
(huh)
26%
huh
26%
huh?
26%
lackin',
26%
raisin'
26%
spot
26%
take
26%
(this
26%
TNT
26%
until
26%
(yeah,
26%
50s / fifties
22%
ay, ay
22%
bad
22%
glizzy,
22%
(grrt-bah)
22%
if
22%
While
22%
who
22%
wildin',
22%
wildin'
22%
always
19%
bitches
19%
call
19%
cell
19%
don't
19%
FaceTime
19%
make
19%
ones
19%
paid
19%
snatchin'
19%
Tell
19%
throwin'
19%
times
19%
(Traphouse
19%
buy
15%
denied
15%
direction
15%
had
15%
him
15%
Mob)
15%
movie
15%
need
15%
Oh,
15%
shooters
15%
beat)
11%
BNB
11%
come
11%
could
11%
from
11%
Glock-
11%
Melo
11%
out
11%
state
11%
baby)
7%
doin'
7%
feelin'
7%
hunnids
7%
I'll
7%
shit),
7%
some,
7%
sturdy,
7%
weapon
7%
your
7%
38
4%
air
4%
ask
4%
bet
4%
Blue
4%
came
4%
correction
4%
D-Nice,
4%
home
4%
keep
4%
'Member
4%
mouth,
4%
Nappy
4%
Please
4%
section,
4%
want
4%
really
0%
No matching quizzes found
Score Distribution
Percent of People with Each Score
Percentile by Number Answered
Your Score History
You have not taken this quiz